00852nam a2200265 a 4500999001300000001000900013003000600022005001700028008004100045010001300086020002200099040001800121082001700139092001700156100002000173245010600193260005300299300002700352500002800379650002100407650001500428650001700443942001200460952011400472 c492d49212667001OCoLC20180818110932.0850327s1985 oru b 000 0 eng  a85061075 a0890814910 (pbk.) aDLCcDLCdBSC a231.6bM478F a231.6bM128f1 aMcClung, Floyd.14aThe father heart of God :bGod loves you, learn to know his compassionate touch /cFloyd McClung, Jr. aEugene, Or. :bHarvest House Publishers,cc1985. a140 , [1] p. ;c21 cm. aBibliography: p. [141]. 0aGodxFatherhood. 0aGodxLove. 0aConsolation. 2ddccBK 00102ddc40708NFICaHMCbHMCcGENd2018-08-18l0o231.6 M478Fp001650r2018-08-18 00:00:00w2018-08-18yBK